The companies act, 1956, as amended... upto 1st July, 1963 (Record no. 371181)

000 -LEADER
fixed length control field 00423cam a22001337a 4500
008 - FIXED-LENGTH DATA ELEMENTS--GENERAL INFORMATION
fixed length control field 180718b1963 xxu||||| |||| 00| 0 eng d
082 ## - DEWEY DECIMAL CLASSIFICATION NUMBER
Classification number T3103x54 Iy9c
100 ## - MAIN ENTRY--PERSONAL NAME
Personal name Iyar, A.N.
245 ## - TITLE STATEMENT
Title The companies act, 1956, as amended... upto 1st July, 1963
Statement of responsibility, etc. by A.N. Iyar and T.R. Ramchandran
260 ## - PUBLICATION, DISTRIBUTION, ETC.
Place of publication, distribution, etc. Madras
Name of publisher, distributor, etc. Company Law Institute
Date of publication, distribution, etc. 1963
300 ## - PHYSICAL DESCRIPTION
Extent v.p.
650 ## - SUBJECT ADDED ENTRY--TOPICAL TERM
Topical term or geographic name entry element Corporation law - India
700 ## - ADDED ENTRY--PERSONAL NAME
Personal name Ramchandran, T.R.
Holdings
Withdrawn status Lost status Damaged status Not for loan Permanent Location Current Location Date acquired Full call number Barcode Date last seen Price effective from Koha item type
        Indian Institute of Public Administration Indian Institute of Public Administration 1994-06-09 T3103x54 Iy9c 34183 2018-07-21 2018-07-21 Book

Powered by Koha